000
00247nam a22000977a 4500
999
_c
9372
_d
9372
008
180129b ||||| |||| 00| 0 eng d
020
_a
9788122007619
100
_a
Jayaswal,A.
_9
5605
245
_a
Learning Computers-8
260
_a
New Delhi
_b
Konark
_c
2009